Trang trí nội thất trong kiến trúc hiện đại
Quyển sách đóng góp các ý kiến để trang trí nội thất căn nhà theo từng điều kiện có thể
Zapisane w:
| 1. autor: | |
|---|---|
| Format: | Książka |
| Język: | Undetermined |
| Wydane: |
Đồng Nai
Đồng Nai
1993
|
| Hasła przedmiotowe: | |
| Etykiety: |
Dodaj etykietę
Nie ma etykietki, Dołącz pierwszą etykiete!
|
| Thư viện lưu trữ: | Trung tâm Học liệu Trường Đại học Cần Thơ |
|---|
| LEADER | 00793nam a2200217Ia 4500 | ||
|---|---|---|---|
| 001 | CTU_158110 | ||
| 008 | 210402s9999 xx 000 0 und d | ||
| 020 | |c 15600 | ||
| 082 | |a 749 | ||
| 082 | |b T502 | ||
| 100 | |a Lê, Tuấn | ||
| 245 | 0 | |a Trang trí nội thất trong kiến trúc hiện đại | |
| 245 | 0 | |c Lê Tuấn, Yến Vỹ | |
| 260 | |a Đồng Nai | ||
| 260 | |b Đồng Nai | ||
| 260 | |c 1993 | ||
| 520 | |a Quyển sách đóng góp các ý kiến để trang trí nội thất căn nhà theo từng điều kiện có thể | ||
| 650 | |a Interior decoration,Houses,Trang trí nội thất | ||
| 650 | |x Design and construction | ||
| 904 | |i Trọng Hiếu | ||
| 980 | |a Trung tâm Học liệu Trường Đại học Cần Thơ | ||